000 00311nam a22001337a 4500
008 170815b xxu||||| |||| 00| 0 eng d
020 _a9781930190306
041 _aeng
080 _a51
100 _a36
101 _aMAT
245 _aDEVELOPING MATHEMATICS THROUGH APPLICATIONS
_cCRISLER,N
942 _2udc
_cBK
999 _c23532
_d23532